Indian constitution and Indian polity : (Record no. 166068)

MARC details
000 -LEADER
fixed length control field 00661nam a22001817a 4500
005 - DATE AND TIME OF LATEST TRANSACTION
control field 20190712101500.0
010 ## - LCCN (DPL NO)
LC control number ENG-125884
020 ## - INTERNATIONAL STANDARD BOOK NUMBER
International Standard Book Number 9789353434533
Terms of availability 495.00
035 ## - SYSTEM CONTROL NUMBER
System control number EN-109416
037 ## - SOURCE OF ACQUISITION
Source of stock number/acquisition DBAD/PUB
082 ## - DEWEY DECIMAL CLASSIFICATION NUMBER
Classification number 342.54
100 ## - MAIN ENTRY--PERSONAL NAME
Personal name Subramanian, S.G.
245 ## - TITLE STATEMENT
Title Indian constitution and Indian polity :
Statement of responsibility, etc by S.G. Subramanian
Remainder of title for civil service preliminary and main examination /
260 ## - PUBLICATION, DISTRIBUTION, ETC. (IMPRINT)
Place of publication, distribution, etc Noida
Name of publisher, distributor, etc Pearson India Education
Date of publication, distribution, etc 2019
270 ## - ADDRESS
Address 15th Floor, Tower-B World Trade Tower, Plot No. 1 Block- C, Sector-16
City Noida, Uttar Pradesh
Postal code 201301
300 ## - PHYSICAL DESCRIPTION
Extent various paging.
Dimensions 25cm(pbk)
942 ## - ADDED ENTRY ELEMENTS (KOHA)
Source of classification or shelving scheme Dewey Decimal Classification
Item type English Books
Classification part 342.54
Call number suffix SUB
Holdings
Withdrawn status Lost status Not for loan Collection code Home library Current library Date acquired Source of acquisition Cost, normal purchase price Full call number Barcode Copy number Cost, replacement price Koha item type
      Non-fiction Central Library Central Library 12/07/2019 DBAD/PUB 495.00 342.54 SUB EN-109416 1 495.00 English Books

© Delhi Public Library
Hit Counter
free hit counter